000 01427ngm a22003610a 4500
001 PT16210
003 AR-LpoUNG
005 20210202000202.0
007 vd cvaizq
008 191001s1992||||ag |||||||||||||||||spa d
037 _c$13.33
040 _aAR-LpoUNG
_bspa
_cAR-LpoUNG
_eaacr
041 _aspa
044 _aag
082 0 _a982.064 539re
100 1 _aAnchart, Nora
_edir.
245 1 0 _aRegístrese, comuníquese y archívese
260 _aBuenos Aires :
_bBlackman,
_c[1992].
300 _aVHS (90 min.) : son, col.
505 0 _aProducción: Mónica Acosta ; guión: Enriqueta Berro. - Hecha en 1995
520 _a<p>Documental realizado sobre la base del documento SUBVERSI&Oacute;N EN EL &Aacute;MBITO EDUCATIVO (Conozcamos a nuestro enemigo) que fue firmado el 27 de octubre de 1977 por el entonces ministro de Cultura y Educaci&oacute;n de la dictadura Juan Jos&eacute; Catal&aacute;n y distribuido en todos los establecimientos educacionales del pa&iacute;s a docentes y autoridades escolares, con el prop&oacute;sito de buscar &quot;subversivos&quot; en los niveles inicial, primario, secundario y superior.</p>
650 4 _aARGENTINA
650 4 _aDICTADURA
650 4 _aEDUCACION
650 4 _aGOBIERNO MILITAR
650 4 _aSISTEMAS DE ENSEÑANZA
651 4 _aArgentina
653 _aDOCUMENTALES
653 _aVHS
653 _aVIDEOS
905 _a16210
942 _cVIDEO
999 _c54290
_d54290